000 00533nam a2200145 a 4500
005 20140408090124.0
008 060801s19uu xx 00 eng d
050 _aPGS '06
_bLAZ #65
100 _aLazaro, Angelica Therese Y.
245 _aPerceptive of selected caregivers on the psychological effects on placing elderly in retirement homes /
_cAngelica Therese Y. Lazaro.
260 _aLas Pinas City :
_bSouthville International School and Colleges,
_c2006.
300 _a34 leaves
650 _aDescriptive method.
942 _cPASS
999 _c97509
_d97509